000 00294nam a22001337a 4500
008 170508b xxu||||| |||| 00| 0 eng d
020 _a0195040767
041 _aeng
080 _a34
100 _a15
101 _aSHJ
245 _aTHE FOUNDATION OF JUSTICE
_cVEATCH, R.M
942 _2udc
_cBK
999 _c12898
_d12898